De sectore & radio. : The description and vse of the sector in three bookes. The description and vse of the cross-staffe in other three bookes. For such as are studious of mathematicall practise.

Bibliographic Details
Main Author: Gunter, Edmund, 1581-1626
Format: eBook
Language:English
Published: London, : Printed by William Iones. and are to be sold by Iohn Tap at Saint Magnus corner., 1623.
Series:Early English books online.
Subjects:
Online Access:Connect to the full text of this electronic book

MARC

Tag First Indicator Second Indicator Subfields
LEADER 00000nam a2200000Ia 4500
001 in00004178939
005 20200807084219.0
006 m g d
007 cr bn |||a|bb|
008 030717s1623 enka o 000 0 eng d
035 |a (OCoLC)52633268 
040 |a EBK  |e dcrb  |c EBK 
037 |a CL0036000069  |b ProQuest Information and Learning 300 N. Zeeb Rd., Ann Arbor, MI 48103-1553 
090 |a QA77  |b .G96 
049 |a UMIA 
100 1 |a Gunter, Edmund,  |d 1581-1626. 
245 1 0 |a De sectore & radio. :  |b The description and vse of the sector in three bookes. The description and vse of the cross-staffe in other three bookes. For such as are studious of mathematicall practise. 
246 3 |a Description and vse of the sector in three bookes 
260 |a London, :  |b Printed by William Iones. and are to be sold by Iohn Tap at Saint Magnus corner.,  |c 1623. 
300 |a 1 online resource ([4], 143, 216 pages :  |b ills., tables. 
336 |a text  |b txt  |2 rdacontent 
337 |a computer  |b c  |2 rdamedia 
338 |a online resource  |b cr  |2 rdacarrier 
500 |a Added engr. t.-p.: The description and vse of the sector, for such as are studious of mathematicall practise. London, Printed by William Iones, 1623. 
500 |a "Description and use of the cross-staffe" lacks special t.p. but has separate paging and register. 
500 |a Signatures: 2 preliminary unmarked, B-T⁴, a-dd⁴. 
500 |a Imperfect: faded, with loss of text; Q₁₋₂ lacking. 
500 |a Reproduction of original in: Folger Shakespeare Library. 
510 4 |a STC (2nd edition)  |c 12521.5. 
533 |a Electronic reproduction.  |b Ann Arbor, Mich. :  |c UMI,  |d 1999-  |f (Early English books online)  |n Digital version of: (Early English books, 1475-1640 ; 2116:15)  |7 s1999 miun s 
650 0 |a Mathematical instruments  |v Early works to 1800. 
650 0 |a Mathematics  |v Early works to 1800. 
650 0 |a Logarithms  |v Early works to 1800. 
740 0 2 |a Description and vse of the crosse-staffe. 
830 0 |a Early English books online. 
856 4 0 |u http://proxy.library.tamu.edu/login?url=https://search.proquest.com/docview/2240919239  |z Connect to the full text of this electronic book  |t 0 
999 f f |s c94c131a-4b79-3029-a190-9bdc9045a9c4  |i aa94fe22-943a-35aa-a645-4a753c075cdc  |t 0 
952 f f |a Texas A&M University  |b College Station  |c Electronic Resources  |d Available Online  |t 0  |e QA77 .G96  |h Library of Congress classification 
998 f f |a QA77 .G96  |t 0  |l Available Online